[Event "Israel Championship 2021"]
[Site "Haifa"]
[Date "2021.03.09"]
[Round "3.7"]
[White "Rechlis, Gad"]
[Black "Solomon, Asif"]
[Result "1/2-1/2"]
[WhiteElo "2513"]
[BlackElo "2356"]
[Annotator "TA"]
[PlyCount "97"]
[EventDate "2021.01.10"]
[EventType "swiss"]
[EventCountry "ISR"]
[SourceTitle "playchess.com"]
[Source "ChessBase"]
[SourceQuality "1"]

{[%evp 15,97,0,0,0,5,-16,-5,-24,-6,0,0,-7,0,0,0,-36,0,-6,0,-12,-4,-34,-31,-66,-36,-55,-6,-75,-70,-77,-73,-97,-20,-78,-61,-68,-61,-177,-156,-154,-166,-207,-129,-130,-100,-103,-103,-126,-132,-121,-120,-124,-85,-95,-100,-106,-78,-115,-92,-150,-150,-140,0,-85,0,-122,-25,-79,-84,-83,0,0,0,0,0,0,0,0,0,0,0,0,0,-8]} 1. Nf3 d5 2. g3 c5 3. Bg2 g6 4. c4 d4 5. e3 Bg7 6. exd4 cxd4 7. O-O Nc6 8. d3 Nf6 9. Nbd2 {A09: Réti Opening: 1 Nf3 d5 2 c4.} O-O 10. a3 a5 11. Rb1 a4 12. b4 axb3 $1 13. Nxb3 Nd7 14. Re1 Qc7 {[#]} 15. c5 $146 ({Predecessor:} 15. Nh4 e6 16. f4 Rd8 17. Nf3 Nb6 18. Nc5 Bf8 19. Ne4 f5 20. Neg5 Na4 21. Bd2 {0-1 (43) Markowski,T (2557)-Krasenkow,M (2647) Suwalki 1999}) 15... e5 16. Qc2 Na5 17. Nfd2 Ra6 18. Bb2 Nxb3 19. Nxb3 Nb8 20. Nd2 Be6 21. Rec1 (21. a4 $11) 21... Rc8 22. a4 Bd7 23. Qb3 {[#]} Nc6 (23... Bh6 $1 $17 {[%cal Rh6d2]} 24. f4 exf4 25. Bxd4 Nc6) 24. Ne4 (24. Nc4 $11 {keeps the balance.}) 24... Be6 25. Qd1 Rca8 26. Ng5 (26. Ba3 $15) 26... Ba2 $19 ({Don't take} 26... Rxa4 27. Nxe6 fxe6 28. Qb3 $15) 27. Ra1 Rxa4 28. Bd5 Nd8 29. Ne4 R4a6 30. Bxa2 Rxa2 31. Rxa2 Rxa2 32. Qb3 Ra8 33. Rb1 Qc6 34. Bc1 h6 35. Bd2 Kh7 36. Qc4 Ra4 37. Qc2 (37. Qb3 $142) 37... Ra6 $17 38. Qc4 Ra4 ({Black should try} 38... Bf8 $17 39. Qb4 f5) 39. Qb3 (39. Qc2 $1 $11 {remains equal.}) 39... Ra6 (39... f5 $17 40. Nd6 Ra8) 40. Nd6 (40. Qc4 $1 $11) 40... Qxc5 (40... Ne6 $17 41. Qxb7 Nxc5 42. Qxc6 Rxc6) 41. Nxf7 $11 Nxf7 42. Qxf7 {[#]} Rf6 ({Better is} 42... Rb6 $1 $17 {[%cal Rb6b1]} 43. Rb3 Rxb3 44. Qxb3 Kh8) 43. Qd7 {The position is equal.} ({Much weaker is} 43. Qxb7 Qc2 $17) 43... Qc6 (43... Qc2 {is more complex.} 44. Rxb7 Qd1+ 45. Kg2 Qf3+ 46. Kh3 Qf5+) 44. Rxb7 {[%csl Gb7][%cal Rd7g7]} Qxd7 45. Rxd7 Rf3 46. Bb4 {aiming for Kg2.} Kg8 47. Rd8+ Kf7 48. Rd7+ Kf6 49. Bd6 {Black had all chances to win.  Weighted Error Value: White=0.27/Black=0.23} 1/2-1/2

[Event "Israel Championship 2021"]
[Site "Haifa"]
[Date "2021.03.09"]
[Round "3.8"]
[White "Kraus, Ohad"]
[Black "Sokolovsky, Yahli"]
[Result "1-0"]
[WhiteElo "2363"]
[BlackElo "2472"]
[Annotator "TA"]
[PlyCount "41"]
[EventDate "2021.01.10"]
[EventType "swiss"]
[EventCountry "ISR"]
[SourceTitle "playchess.com"]
[Source "ChessBase"]
[SourceQuality "1"]

{[%evp 9,41,0,0,0,0,-16,0,-5,0,-31,46,52,52,48,163,170,177,167,162,91,139,145,131,137,233,235,258,237,318,189,422,409,29997,29998]} 1. d4 d5 2. c4 c6 3. Nc3 Nf6 4. cxd5 cxd5 5. Bg5 Ne4 6. Nxe4 {D10: Slav Defence: 3 cxd5 (without early Nf3) and 3 Nc3.} dxe4 7. a3 Qb6 {[#]} 8. Bd2 $146 {The position is equal.} ({Predecessor:} 8. Rc1 Bf5 9. Qa4+ Nd7 10. Qc2 f6 11. Be3 e6 12. Nh3 g5 13. Qd2 Qb5 14. f3 {½-½ (48) Craciuneanu,V (2451)-Ljubicic,A (2480) ICCF email 2015}) 8... e5 9. Bc3 e3 (9... Nc6 $15 10. d5 Nd4) 10. fxe3 $14 e4 11. Qc2 Bf5 ({Better is} 11... f5 $14) 12. g4 $1 $18 {[%cal Rg4f5]} Bg6 13. Nh3 Be7 {[#]} 14. Qa4+ (14. O-O-O $1 $18) 14... Nc6 {[#]} 15. O-O-O $1 $36 {[%mdl 2048] And now d5 would win. White has strong initiative.} O-O 16. Nf4 a5 (16... Rac8 $16) 17. h4 {Threatens to win with h5.} Qa6 {intending ...b5.} 18. h5 b5 19. Qb3 (19. Qc2 $142 b4 20. hxg6 bxc3 21. Bg2 (21. gxh7+ Kh8 $18) (21. Qxc3 Ne5 $11) (21. Rxh7 fxg6 22. Rh3 Qc4 $18) 21... hxg6 22. Bxe4 (22. Qxc3 Nb4 $14)) 19... b4 $2 (19... Bf5 {might work better.}) 20. hxg6 bxc3 {[#]} (20... h6 $18 21. gxf7+ Rxf7) 21. Qxf7+ $3 {[%mdl 512] Weighted Error Value: White=0.20/Black=0.72} 1-0

[Event "Israel Championship 2021"]
[Site "Haifa"]
[Date "2021.03.09"]
[Round "3.9"]
[White "Iliaguev, Nisim"]
[Black "Gruenfeld, Yehuda"]
[Result "1/2-1/2"]
[WhiteElo "2332"]
[BlackElo "2412"]
[Annotator "TA"]
[PlyCount "118"]
[EventDate "2021.01.10"]
[EventType "swiss"]
[EventCountry "ISR"]
[SourceTitle "playchess.com"]
[Source "ChessBase"]
[SourceQuality "1"]

{[%evp 24,118,15,0,0,-23,10,-62,-19,-75,-74,-90,-49,-64,-18,-52,-62,-139,-125,-127,-120,-130,-134,-143,-156,-143,-137,-199,-162,-168,-167,-272,-185,-223,-181,-199,-95,-114,0,0,0,0,0,0,66,46,106,109,156,138,158,165,132,134,207,198,195,151,231,220,209,143,121,129,145,124,134,90,82,29,36,35,39,34,45,41,29,40,121,128,151,-47,-46,-48,-47,-47,-46,-39,0,0,0,0,0,0,0,0,0]} 1. c4 Nf6 2. g3 g6 3. Bg2 Bg7 4. Nc3 O-O 5. d4 d6 6. Nf3 Nc6 7. O-O a6 8. b3 Rb8 9. Bb2 b5 10. cxb5 axb5 11. d5 Na5 12. Nd4 Bd7 13. e4 b4 {E63: King's Indian: Fianchetto: Panno Variation with 7...a6.} 14. Nce2 e5 15. Nc2 {[#]} (15. dxe6 $1 $11 fxe6 16. Nf4) 15... c6 $146 {Black is slightly better.} ({Predecessor:} 15... c5 16. dxc6 Bxc6 17. Qd3 Bb5 18. Qd2 Qb6 19. Bf3 Bc6 20. Qd3 Nb7 21. Ne3 Nc5 {½-½ (88) Ozeran,V (2063)-Kahe,R (2108) Magdeburg 2015}) 16. Qd2 (16. Bc1 $11 {keeps the balance.}) 16... Qb6 $17 17. h3 cxd5 18. exd5 Bf5 19. Ne3 Be4 20. Kh2 (20. g4 $15) 20... Bxg2 21. Nxg2 Qb5 22. Rad1 Ne4 23. Qe3 f5 24. f3 Nf6 25. f4 (25. Nc1 $17) 25... Ne4 {aiming for ...exf4.} (25... Nxd5 26. Qd3 $17) 26. fxe5 dxe5 27. Rc1 (27. g4 $142 Rbc8 28. Rc1) 27... Rf7 (27... Qxd5 28. Rfd1 $19) 28. Rfd1 Rd8 29. Ng1 {[%cal Be2g1,Bg1f3,Bf3g5][%mdl 32]} Rfd7 (29... Nb7 $19 {is more deadly.} 30. Nf3 Re8) 30. Nf3 Nc3 ({Much worse is} 30... Rxd5 $6 31. Rxd5 Qxd5 32. Qb6 $11) (30... Re8 $17 31. Nd2 Nd6) 31. Bxc3 $11 bxc3 32. Rxc3 e4 ({Of course not} 32... Rxd5 $6 33. Rxd5 Qxd5 34. Rc5 $16) 33. Rc5 Qb6 (33... Qa6 $11 34. Ng5 Bh6) 34. Ng5 $14 Bf8 (34... Bh6 $14 35. h4 Nb7) 35. Rc2 $16 Qf6 {[#]} 36. Ne6 $1 {[%cal Re6d8]} Ra8 ({Don't go for} 36... Rxd5 $2 37. Rxd5 Rxd5 38. Nxf8 $18) 37. Nxf8 Qxf8 38. Nf4 Qd6 (38... Nb7 $16 {was called for.}) 39. h4 Nb7 40. Kh3 Qe5 (40... Nd8 $16 41. Rdc1 Qb8) 41. a4 Nd6 42. Qc3 Qxc3 43. Rxc3 Kf7 44. Ne6 Kf6 45. Nd4 h6 46. Nc6 ({White should try} 46. Rc6 $16) 46... g5 $1 $11 47. a5 f4 48. gxf4 gxf4 49. Kg4 f3 50. Kf4 Rg8 (50... Rg7 $14) 51. Ne5 $16 Rdd8 52. Ng4+ $2 {[#]} (52. Rc6 $16) 52... Rxg4+ $1 $15 53. Kxg4 {[%mdl 4096] Endgame Hoping for Kf4. KRR-KRN} Ke5 54. a6 Rg8+ {[%mdl 1024] Black has compensation.} 55. Kh5 Rg7 56. Ra1 {The position is equal.} Nf5 57. a7 Ng3+ 58. Kxh6 Nf5+ {[%mdl 64] Double Attack} 59. Kh5 Ng3+ {Quite a comeback for White.  Weighted Error Value: White=0.27/Black=0.25} 1/2-1/2

[Event "Israel Championship 2021"]
[Site "Haifa"]
[Date "2021.03.09"]
[Round "3.10"]
[White "Parkhov, Yair"]
[Black "Shohat, Yotam"]
[Result "1-0"]
[WhiteElo "2407"]
[BlackElo "2371"]
[Annotator "TA"]
[PlyCount "93"]
[EventDate "2021.01.10"]
[EventType "swiss"]
[EventCountry "ISR"]
[SourceTitle "playchess.com"]
[Source "ChessBase"]
[SourceQuality "1"]

{[%evp 17,93,78,81,60,51,45,70,75,78,48,82,30,29,20,27,27,39,0,87,20,44,52,35,27,31,25,75,54,49,35,25,39,81,37,35,22,16,12,89,89,90,76,66,4,52,0,0,0,100,0,153,110,144,123,169,151,383,374,656,651,732,421,703,622,681,1005,777,646,1997,2227,2880,2467,2434,2192,1833,1800,29993,29994]} 1. d4 Nf6 2. c4 g6 3. Nc3 Bg7 4. e4 O-O 5. Be2 d6 6. Be3 Na6 7. Nf3 c5 8. O-O Bg4 9. d5 Nd7 10. Ng5 {E91: King's Indian: Classical: 6 Be2, unusual replies including 6...c5 and 6...Bg4.} Bxe2 11. Qxe2 h6 12. Nf3 {White is slightly better.} Nc7 13. a4 {[#]} a6 $146 ({Predecessor:} 13... b6 14. Nd2 a6 15. f4 Rb8 16. Nf3 Rb7 17. e5 b5 18. axb5 axb5 19. cxb5 dxe5 20. fxe5 Nxe5 21. Nxe5 Bxe5 22. Bxh6 {1-0 (41) Vokac,M (2415)-Safyanovsky,M (2185) Bayern 2008}) 14. Nd2 (14. Rfd1 $16) 14... e6 $11 15. f4 Re8 16. dxe6 Nxe6 17. Nf3 Nf6 {[#]} (17... Bxc3 $11 18. bxc3 Qf6) 18. Qd3 (18. Rad1 $1 $16) 18... Ng4 19. Bd2 Nd4 20. h3 Nf6 21. Rae1 Nh5 22. Nd5 Nf6 23. Bc3 (23. Nxd4 {with more complications.} Nxd5 24. Nc2 Nf6 25. Bc3 Qd7 26. f5) 23... Nxd5 24. cxd5 {[%cal Rf3d4]} Nxf3+ 25. Qxf3 b5 26. Bxg7 Kxg7 27. e5 f6 (27... bxa4 $11 {remains equal.} 28. Ra1 Qd7) 28. e6 $16 f5 29. Re2 Qf6 30. Rfe1 (30. Qf2 $14) 30... Re7 31. Qc3 ({White should try} 31. Qf2 $14) 31... Rb8 $11 32. axb5 axb5 (32... Rxb5 $11 33. Ra1 a5) 33. Ra1 (33. Qe3 $16) 33... Rb6 $2 (33... Qxc3 $11 34. bxc3 b4) 34. Qxf6+ Kxf6 $16 {[%mdl 4096] Endgame KRR-KRR} 35. Kf2 Reb7 36. Ke3 Ke7 $2 {Loses the game.} (36... Rb8 $16 {was called for.} 37. Kd3 R6b7) 37. g4 $18 b4 $2 (37... Kf6 38. Kd3 b4 39. gxf5 gxf5) 38. gxf5 gxf5 39. b3 Kf6 (39... c4 $142 40. Ra8 cxb3) 40. Rg2 Rg7 41. Rxg7 Kxg7 {KR-KR} 42. Ra7+ Kg6 43. Kd3 Kh5 44. Rd7 Kg6 45. Rd8 {[#] e7 would kill now.} Kf6 46. Rf8+ Kg7 47. e7 {Weighted Error Value: White=0.35/Black=0.65} 1-0

[Event "Israel Championship 2021"]
[Site "Haifa"]
[Date "2021.03.09"]
[Round "3.11"]
[White "Efroimski, Marsel"]
[Black "Ben Ari, Yannay"]
[Result "1/2-1/2"]
[WhiteElo "2357"]
[BlackElo "2403"]
[Annotator "TA"]
[PlyCount "42"]
[EventDate "2021.01.10"]
[EventType "swiss"]
[EventCountry "ISR"]
[SourceTitle "playchess.com"]
[Source "ChessBase"]
[SourceQuality "1"]

{[%evp 9,42,42,35,31,39,26,26,24,31,23,25,43,36,12,41,0,0,0,0,0,4,0,0,0,0,-6,27,0,52,15,21,6,14,7,235]} 1. e4 Nc6 2. Nf3 d6 3. d4 Nf6 4. Nc3 g6 5. Bf4 Bg7 6. Qd2 {B08: Pirc Defence: Classical System.} d5 7. exd5 Nxd5 8. Bh6 {White has an edge.} Bxh6 9. Qxh6 {[#]} Nxc3 $146 ({Predecessor:} 9... Ncb4 10. Qd2 Bf5 11. Bb5+ c6 12. Ba4 Qd6 13. Ne5 f6 14. Nc4 Qe6+ 15. Ne3 O-O-O {½-½ (56) Stangl,M (2493)-Lorscheid,G (2297) Germany 2003}) 10. bxc3 {[#] And now Qg7 would win.} Qd6 11. Bd3 Qe6+ (11... Bf5 {feels hotter.} 12. O-O O-O-O 13. Rfe1 f6 14. Rad1 Bxd3 15. Rxd3 Qd5) 12. Qe3 (12. Be2 {is more complex.} f6 13. Rd1 Nd8 14. c4 Qe4 15. Rd3) 12... Qxe3+ 13. fxe3 b6 14. O-O Bb7 15. a4 O-O 16. Rfb1 Rab8 17. c4 Ba6 18. Nd2 e5 (18... Na5 $11) 19. d5 (19. a5 $5 Nxa5 20. Nb3 $14) 19... Na5 {The position is equal.} 20. c5 Bxd3 21. cxd3 bxc5 $2 {Weighted Error Value: White=0.10/Black=0.11} (21... Rfd8 $11 {and Black is okay.}) 1/2-1/2

[Event "Israel Championship 2021"]
[Site "Haifa"]
[Date "2021.03.09"]
[Round "3.12"]
[White "Lahav, Michal"]
[Black "Haimovich, Tal"]
[Result "0-1"]
[WhiteElo "2216"]
[BlackElo "2375"]
[Annotator "TA"]
[PlyCount "77"]
[EventDate "2021.01.10"]
[EventType "swiss"]
[EventCountry "ISR"]
[SourceTitle "playchess.com"]
[Source "ChessBase"]
[SourceQuality "1"]

{[%evp 16,77,68,82,79,81,71,56,56,36,49,27,37,33,36,0,0,4,46,7,1,0,0,-11,0,0,0,-14,-5,0,0,0,0,-30,-31,-21,0,-14,0,-41,-1,-15,-32,-40,-40,-154,-129,-169,-111,-154,-151,-257,-260,-424,-409,-868,-468,-596,-693,-1105,-1087,-1027,-917,-29995]} 1. e4 d5 2. exd5 Qxd5 3. Nc3 Qa5 4. d4 Nf6 5. Nf3 Bf5 6. Bc4 c6 7. Ne5 e6 8. g4 Be4 9. O-O Bd5 {B01: Scandinavian Defence.} 10. Bd3 Nbd7 11. Nxd7 Nxd7 {[#] White is slightly better.} 12. Qe2 $146 ({Predecessor:} 12. Nxd5 cxd5 13. Qe2 a6 14. f4 O-O-O 15. Bd2 Qb6 16. c3 f6 17. b4 e5 18. fxe5 fxe5 {1-0 (35) Jorgensen,A (1863)-Digernes,M (1560) Helsingor 2019}) 12... Bd6 13. Nd1 {[#] And now c4 would win.} b5 14. Ne3 O-O 15. Nxd5 exd5 16. Qf3 Qc7 17. Kg2 Rfe8 18. Bd2 Nf8 19. Rae1 Ne6 20. c3 g6 21. Bc2 a5 22. h4 Nf4+ 23. Bxf4 Bxf4 24. Re2 Rxe2 25. Qxe2 Qd8 26. Rh1 Kg7 27. h5 Qg5 28. hxg6 hxg6 29. Bd3 a4 {[%cal Ba5a4,Ba4a3][%mdl 32]} 30. f3 (30. Qf3 $15) 30... Bd6 31. Bc2 Qf4 (31... a3 $19 32. bxa3 Rxa3) 32. Rh3 a3 33. b3 (33. bxa3 $17 Rxa3 34. Bb3) 33... b4 $19 ({Resist} 33... Rh8 34. Rxh8 Kxh8 35. Kf1 $19) 34. c4 $2 {[#]} (34. cxb4 Qxd4 35. Qf2 Qxb4 36. Qe2) 34... Qxd4 35. cxd5 (35. Qf2 $142 Qb2 36. Rh1) 35... cxd5 {Black is clearly winning.} 36. Rh1 Qf4 37. Rh3 Rc8 38. Bd3 Be5 39. Rh1 {Weighted Error Value: White=0.58/Black=0.23} 0-1

[Event "Israel Championship 2021"]
[Site "Haifa"]
[Date "2021.03.09"]
[Round "3.13"]
[White "Ben Artzi, Ido"]
[Black "Birnboim, Nathan"]
[Result "0-1"]
[WhiteElo "2368"]
[BlackElo "2381"]
[Annotator "TA"]
[PlyCount "84"]
[EventDate "2021.01.10"]
[EventType "swiss"]
[EventCountry "ISR"]
[SourceTitle "playchess.com"]
[Source "ChessBase"]
[SourceQuality "1"]

{[%evp 9,84,7,18,18,19,16,19,17,13,10,14,0,0,-7,0,0,0,0,1,0,0,0,29,0,11,-5,-9,-10,10,13,8,0,0,0,0,0,5,4,4,-1,-7,-31,-23,-48,-50,-55,-47,-52,-47,-77,-73,-89,-69,-73,-71,-67,-69,-67,-58,-196,-194,-220,-214,-307,-270,-274,-238,-241,-237,-437,-429,-577,-572,-1123,-1123,-1057,-971]} 1. d4 Nf6 2. c4 e5 3. dxe5 Ng4 4. e3 Nxe5 5. Nh3 d6 6. Nf4 $1 {A52: Budapest Gambit.} g6 7. Be2 Bg7 8. O-O {The position is equal.} O-O 9. Nc3 Na6 10. e4 {[#]} c6 $146 ({Predecessor:} 10... f5 11. Be3 c6 12. exf5 Bxf5 13. Rc1 Qe7 14. Re1 Nc5 15. b4 Ne6 16. Nxe6 Qxe6 {0-1 (72) Sciarretta,R (2014)-Belka,W (2422) ICCF email 2010}) 11. Be3 Qe7 12. Qd2 f5 13. exf5 Bxf5 14. Rad1 Qf7 15. b3 {[%cal Bb2b3,Bb3b4,Bb4b5][%mdl 32]} Qf6 16. Na4 ({Worse is} 16. Qxd6 Qxd6 17. Rxd6 Nf7 $17) (16. h3 $5 {[%cal Rg2g4]}) 16... Nf7 17. b4 Nc7 18. b5 Ne6 (18... Rae8 {is interesting.} 19. Rc1 Ne5 20. Nc3 Ne6 21. Rfd1 Ng4) 19. Nxe6 Bxe6 20. Bd4 Qxd4 21. Qxd4 Bxd4 22. Rxd4 cxb5 23. cxb5 Rac8 24. Bf3 Rc4 25. Rfd1 Rfc8 26. h3 Rxd4 27. Rxd4 Rc1+ ({Reject} 27... Bxa2 28. Bxb7 Rc1+ 29. Kh2 $11) 28. Kh2 b6 29. Nb2 Rc2 30. Nd3 Rc4 31. Rxc4 Bxc4 $15 {[%mdl 4096] Endgame KBN-KBN} 32. Nb4 Bxb5 33. Bc6 Bc4 34. a4 {This costs White the game.} (34. Bd5 $15 Bxd5 35. Nxd5) 34... Ne5 $19 35. Be4 Kg7 36. f4 (36. Kg3 $142) 36... Nd7 37. Nc6 a5 38. Bc2 Nc5 39. Ne7 $2 {[#]} (39. Na7 {is a better defense.}) 39... Be6 {Black is clearly winning.} 40. f5 gxf5 41. Bxf5 Kf6 42. Bxe6 Kxe6 {Weighted Error Value: White=0.35/Black=0.04} 0-1

[Event "Israel Championship 2021"]
[Site "Haifa"]
[Date "2021.03.09"]
[Round "3.14"]
[White "Kochavi, Ori"]
[Black "Parnes, Nadav"]
[Result "0-1"]
[WhiteElo "2273"]
[BlackElo "2273"]
[Annotator "RC"]
[PlyCount "102"]
[EventDate "2021.01.10"]
[EventType "swiss"]
[EventCountry "ISR"]
[SourceTitle "playchess.com"]
[Source "ChessBase"]
[SourceQuality "1"]
[TimeControl "40/5400+30:3600+30"]

1. e4 {[%emt 0:00:00]} g6 {[%emt 0:00:00]} 2. d4 {[%emt 0:00:00]} Bg7 {[%emt 0:00:00]} 3. Nf3 {[%emt 0:00:00]} d6 {[%emt 0:00:00]} 4. Bc4 {[%emt 0:00:00]} Nf6 {[%emt 0:00:26]} 5. Qe2 {[%emt 0:00:00]} O-O {[%emt 0:00:08]} 6. O-O {[%emt 0:00:07]} c6 {[%emt 0:01:59]} 7. Bb3 {[%emt 0:00:13]} Qc7 {[%emt 0:07:10]} 8. e5 {[%emt 0:13:06]} dxe5 {[%emt 0:02:29]} 9. dxe5 {[%emt 0:06:03]} Nd5 {[%emt 0:05:02]} 10. c4 {[%emt 0:04:21]} Nb6 {[%emt 0:04:18]} 11. Bf4 {[%emt 0:00:55]} Bg4 {[%emt 0:02:51]} 12. Nbd2 {[%emt 0:00:04]} Na6 {[%emt 0:08:08]} 13. Qe3 {[%emt 0:03:11]} Qc8 {[%emt 0:01:29]} 14. h3 {[%emt 0:06:16]} Be6 {[%emt 0:08:28]} 15. Rac1 {[%emt 0:20:22]} Rd8 {[%emt 0:14:38]} 16. a3 {[%emt 0:07:59]} c5 {[%emt 0:06:23]} 17. Bh6 {[%emt 0:10:19]} Bf5 {[%emt 0:02:35]} 18. Rfe1 {[%emt 0:03:36]} Qc6 {[%emt 0:06:58]} 19. Qg5 {[%emt 0:06:43]} Re8 {[%emt 0:07:19]} 20. Qh4 {[%emt 0:01:50]} Nd7 {[%emt 0:02:30]} 21. Bxg7 {[%emt 0:04:38]} Kxg7 {[%emt 0:00:06]} 22. e6 {[%emt 0:00:43]} Bxe6 {[%emt 0:01:18]} 23. Ng5 {[%emt 0:00:03]} Nf8 {[%emt 0:00:59]} 24. Ndf3 {[%emt 0:00:40]} h6 {[%emt 0:07:36]} 25. Nxe6+ {[%emt 0:00:28]} Nxe6 {[%emt 0:00:16]} 26. Ne5 {[%emt 0:00:04]} Qd6 {[%emt 0:00:54]} 27. Ba4 {[%emt 0:04:50]} Red8 {[%emt 0:01:00]} 28. Rc3 {[%emt 0:01:11]} Nd4 {[%emt 0:01:49]} 29. Qe4 {[%emt 0:04:48]} Nc7 {[%emt 0:02:55]} 30. Rg3 {[%emt 0:00:29]} Ne8 {[%emt 0:01:03]} 31. b4 {[%emt 0:01:29]} b6 {[%emt 0:01:20]} 32. bxc5 {[%emt 0:00:53]} bxc5 {[%emt 0:00:05]} 33. Nd3 {[%emt 0:00:28]} Nf5 {[%emt 0:01:04]} 34. Qxf5 {[%emt 0:00:40]} Qxg3 {[%emt 0:00:16]} 35. fxg3 {[%emt 0:00:28]} gxf5 {[%emt 0:00:07]} 36. Nxc5 {[%emt 0:00:17]} e6 {[%emt 0:01:19]} 37. Na6 {[%emt 0:00:17]} Rac8 {[%emt 0:01:37]} 38. c5 {[%emt 0:00:56]} Nc7 {[%emt 0:00:52]} 39. Nb4 {[%emt 0:00:05]} Rd4 {[%emt 0:00:50]} 40. Bc6 {[%emt 0:00:35]} Nd5 {[%emt 0:00:55]} 41. Bxd5 {[%emt 0:36:18]} exd5 {[%emt 0:30:42]} 42. Nc2 {[%emt 0:00:10]} Re4 {[%emt 0:00:29]} 43. Rf1 {[%emt 0:01:23]} Rxc5 {[%emt 0:01:19]} 44. Nb4 {[%emt 0:00:13]} d4 {[%emt 0:04:03]} 45. Nd3 {[%emt 0:01:18]} Rc3 {[%emt 0:01:23]} 46. Nf4 {[%emt 0:00:04]} d3 {[%emt 0:00:34]} 47. Nh5+ {[%emt 0:00:50]} Kg6 {[%emt 0:00:29]} 48. Nf4+ {[%emt 0:00:06]} Rxf4 {[%emt 0:00:19]} 49. gxf4 {[%emt 0:01:10]} d2 {[%emt 0:00:04]} 50. Kf2 {[%emt 0:00:03]} Rc1 {[%emt 0:00:07]} 51. Ke2 {[%emt 0:00:04]} Rxf1 {[%emt 0:00:04]} 0-1

[Event "Israel Championship 2021"]
[Site "Haifa"]
[Date "2021.03.09"]
[Round "3.15"]
[White "Stolyarsky, Yegor"]
[Black "Smirin, Ilia"]
[Result "0-1"]
[WhiteElo "2063"]
[BlackElo "2614"]
[Annotator "TA"]
[PlyCount "70"]
[EventDate "2021.01.10"]
[EventType "swiss"]
[EventCountry "ISR"]
[SourceTitle "playchess.com"]
[Source "ChessBase"]
[SourceQuality "1"]

{[%evp 24,70,1,0,0,0,-18,-17,-18,-29,21,14,28,-14,31,-2,0,-80,-81,-129,-115,-205,-172,-220,-207,-204,-216,-203,-188,-278,-267,-634,-646,-822,-818,-897,-859,-853,-832,-825,-807,-1043,-1026,-1179,-1160,-12836,-12836,-29977,-29976]} 1. d4 Nf6 2. c4 c5 3. d5 b5 4. cxb5 a6 5. b6 d6 6. Nc3 Nbd7 7. e4 g6 8. Nf3 Bg7 9. Be2 O-O 10. O-O Nxb6 11. a4 Bg4 12. Nd2 Bxe2 13. Qxe2 a5 {A57: Benko/Volga Gambit.} 14. Nc4 Nxc4 15. Qxc4 {[#]} Nd7 $146 {The position is equal.} ({Predecessor:} 15... Qd7 16. Bd2 Ng4 17. Qe2 Rfb8 18. Rab1 Rb4 19. b3 Nf6 20. f3 Rb7 21. Nb5 e6 22. dxe6 Qxe6 {½-½ (29) Pascua,H (2368)-Ghaem Maghami,E (2585) Manila 2010}) 16. Qe2 Rb8 17. Nb5 Rb7 18. Ra3 f5 19. Bg5 {next exf5 is good for White.} Nb6 20. Re1 (20. Rh3 $11 {remains equal.}) 20... Qd7 $17 {White is now going downhill.} 21. Nc3 fxe4 22. Qxe4 (22. Rb3 $17) 22... Bd4 23. Be3 Nc4 {[%mdl 64] [#] Discovered Attack} 24. Ra2 Bxe3 ({Don't do} 24... Rxb2 25. Bxd4 Rxa2 26. Nxa2 $15) 25. fxe3 Nxb2 26. Nb5 {[#]} (26. Qc2 {keeps fighting.} Nc4 27. Nb5) 26... Nxa4 $1 $19 {[%mdl 512]} 27. Nxd6 $2 (27. Qxa4 Qxb5 28. Qxa5) 27... Rb4 ({Not} 27... exd6 28. Qxa4 Qxa4 29. Rxa4 $17) 28. Qc2 exd6 29. Rea1 Nb6 30. Rxa5 Nxd5 31. e4 Nf4 32. Kh1 Qe6 33. Re1 Rd4 34. e5 Nd3 35. Rb1 Qxe5 {Weighted Error Value: White=1.29/Black=0.09} 0-1